000 00854nam a2200253Ia 4500
003 GCL
008 140319s9999 xx 000 0 ara d
040 _aGCL /
_cGCL
082 0 4 _a374.012
_bن م
100 1 _aنوكس , الان
245 1 0 _aمعاونة الكبار علم التعليم تخطيط البرامج وتطبيقاتها وادارتها /
_cنوكس , الان
700 1 _aمحمد محمود رضوان
260 _a[S.N] :
_bالجمعية المصرية لنشر المعرفة والثقافةوالعلوم ،
_c1993
300 _a262 ص
490 _a
650 0 4 _aمصر
650 0 4 _aالتعليم
650 0 4 _aالتربية
650 0 4 _aتعليم الكبار
650 0 4 _aمحو الامية
650 0 4 _aالمدارس الليلية
650 0 4 _aالتدريب المهنى
942 _2ddc
_cBK
999 _c29604
_d29604